| 000 | 01208nam a22002537a 4500 | ||
|---|---|---|---|
| 999 |
_c65328 _d65328 |
||
| 005 | 20240530110819.0 | ||
| 008 | 190708s2019 ua g b 00| 0 ara d | ||
| 017 |
_a8751 _bمصر. دار الكتب |
||
| 020 | _a9789777332316 | ||
| 040 |
_aEG-CaGPL _cEG-CaGPL |
||
| 082 |
_221 _a657.95 / _bم أ |
||
| 100 | 0 | _aمحمد فوزى محمد السيد | |
| 245 | 1 | 0 |
_aاثر وظيفة المراجعة الداخلية للاستدامة على قيمة الشركة فى ظل الافصاح وبدائل الاسناد / _cمحمد فوزى محمد السيد |
| 260 |
_aالاسكندرية : _bدار التعليم الجامعى، _c2019. |
||
| 300 |
_a292 ص. ؛ _c24 سم. |
||
| 500 | _aرسالة الدكتوراه الحائزة على جائزة بغداد الدولية كافضل اطروحة دكتوراه فى الوطن العربى فى علوم المحاسبة | ||
| 504 | _aيشتمل على ارجاعات ببليوجرافية | ||
| 650 | 0 | 7 |
_2qrmak _aالشركات المساهمة |
| 650 | 0 | 7 |
_2qrmak _aالاستثمار |
| 651 | _2qrmak | ||
| 653 | 0 | _aالشركات متعددة الجنسيات | |
| 942 |
_2ddc _cBK |
||